Central Library OPAC University of Rajshahi

Genetics / (Record no. 53209)

MARC details
000 -LEADER
fixed length control field 00762nam a2200265 a 4500
001 - CONTROL NUMBER
control field 53209
003 - CONTROL NUMBER IDENTIFIER
rucl marc code BD-RjUL
005 - DATE AND TIME OF LATEST TRANSACTION
control field 20211209075927.0
008 - FIXED-LENGTH DATA ELEMENTS--GENERAL INFORMATION
fixed length control field 161004r20052006enka 001 0 eng d
020 ## - INTERNATIONAL STANDARD BOOK NUMBER
International Standard Book Number 8173196222
035 ## - SYSTEM CONTROL NUMBER
System control number BD-RjUL53329
System control number (NNC)5472999
040 ## - CATALOGING SOURCE
Original cataloging agency HKP
Transcribing agency HKP
Modifying agency NNC-M
Language of cataloging eng
041 ## - LANGUAGE CODE
Language code of text/sound track or separate title eng
082 ## - DEWEY DECIMAL CLASSIFICATION NUMBER
Classification number 576.5
Edition number 22
Author mark and year SAG 2006
100 1# - MAIN ENTRY--PERSONAL NAME
Personal name Sambamurty, A. V. S. S.
9 (RLIN) 159046
245 10 - TITLE STATEMENT
Title Genetics /
Statement of responsibility, etc. A.V.S.S. Sambamurty.
250 ## - EDITION STATEMENT
Edition statement 2nd edi.
260 ## - PUBLICATION, DISTRIBUTION, ETC. (IMPRINT)
Place of publication, distribution, etc. Harrow :
Name of publisher, distributor, etc. Alpha Science International Ltd.,
Date of publication, distribution, etc. c2005 [repirnt 2006]
300 ## - PHYSICAL DESCRIPTION
Pagination xxv, 903 p. :
Illustrations ill. ;
Size 25 cm.
504 ## - BIBLIOGRAPHY, ETC. NOTE
Bibliography, etc Includes bibliographical references and index.
650 #0 - SUBJECT ADDED ENTRY--TOPICAL TERM
Topical term or geographic name as entry element Genetics.
9 (RLIN) 159047
942 ## - ADDED ENTRY ELEMENTS (KOHA)
Source of classification or shelving scheme Dewey Decimal Classification
Koha item type Books
Holdings
Lost status Source of classification or shelving scheme Damaged status Not for loan Collection code Permanent Location Current Location Shelving location Date acquired Source of acquisition Cost, normal purchase price Total Checkouts Full call number Date last seen Date checked out Copy number Koha item type
  Dewey Decimal Classification     Non-fiction Central Library, University of Rajshahi Central Library, University of Rajshahi   19/08/2010 Paragon Enterprises Dhaka 395.00 24 576.5 SAG 2006 24/04/2025 08/04/2025 C-2 Books
  Dewey Decimal Classification   Not For Loan Non-fiction Central Library, University of Rajshahi Central Library, University of Rajshahi Reading Room 19/08/2010 Paragon Enterprise Ltd. 395.00   576.5 SAG 2006 14/03/2017   C-1 Books